LIBRARY & INFORMATION CENTRE, KCAET, TAVANUR

ONLINE PUBLIC ACCESS CATALOGUE (OPAC)

Civil engineering drawing / (Record no. 227)

MARC details
000 -LEADER
fixed length control field 00481cam a2200193ua 4500
003 - CONTROL NUMBER IDENTIFIER
control field OSt
008 - FIXED-LENGTH DATA ELEMENTS--GENERAL INFORMATION
fixed length control field 260425b |||||||| |||| 00| 0 eng d
041 ## - LANGUAGE CODE
Language code of text/sound track or separate title eng
082 ## - DEWEY DECIMAL CLASSIFICATION NUMBER
Classification number 604.21
Item number RAN/CI
100 ## - MAIN ENTRY--AUTHOR NAME
Personal name Rangwala, S C.
245 ## - TITLE STATEMENT
Title Civil engineering drawing /
250 ## - EDITION STATEMENT
Edition statement 1 /
260 ## - PUBLICATION, DISTRIBUTION, ETC. (IMPRINT)
Place of publication Anand :
Name of publisher Charotar publishing house ,
Year of publication 1986.
300 ## - PHYSICAL DESCRIPTION
Number of Pages 116 ; .
650 ## - SUBJECT ADDED ENTRY--TOPICAL TERM
Topical Term Engineering drawing
700 1# - ADDED ENTRY--PERSONAL NAME
Personal name Rangwala, D K.
942 ## - ADDED ENTRY ELEMENTS (KOHA)
Koha item type Books
Holdings
Withdrawn status Lost status Damaged status Home library Current library Date acquired Accession Number Koha item type
      KAUAET KAUAET 20/08/1986 15432 Books
free website counter